00303nam a2200121Ia 4500008004100000100002000041245005000061260002200111300000800133650001600141942000700157999001700164190216s9999||||xx |||||||||||||| ||und|| aGurjan Jaisingh 0aReliability Technology Theory And Application bI.K.International a141 aMathematics cBK c32130d32130